书目信息 |
| 题名: |
化妆品配方设计与制备工艺
|
|
| 作者: | 唐冬雁 主编 | |
| 分册: | ||
| 出版信息: | 北京 化学工业出版社 2003.06 |
|
| 页数: | 314页 | |
| 开本: | 26cm | |
| 丛书名: | ||
| 单 册: | ||
| 中图分类: | TQ658 | |
| 科图分类: | ||
| 主题词: | 化妆品 | |
| 电子资源: | ||
| ISBN: | 7-5025-4412-7 | |
| 000 | 00575nam0 2200193 45 | |
| 001 | 0455951729 | |
| 005 | 2004042815323133 | |
| 010 | @a7-5025-4412-7@dCNY 45.00 | |
| 100 | @a20040428d2003 km y0chiy0120 ea | |
| 101 | 0 | @achi |
| 102 | @aCN@b110000 | |
| 200 | 1 | @a化妆品配方设计与制备工艺@AHua Zhuang Pin Pei Fang She Ji Yu Zhi Bei Gong Yi@f唐冬雁主编@FTang Dong Yan Zhu Bian |
| 210 | @a北京@c化学工业出版社@d2003.06 | |
| 215 | @a314页@d26cm | |
| 606 | 0 | @a化妆品 |
| 690 | @aTQ658@v3 | |
| 701 | 0 | @a唐冬雁@ATang Dong Yan@4主编 |
| 801 | 0 | @aCN@bPFT@c20040428 |
| 905 | @dTQ658@eT238 | |
| 化妆品配方设计与制备工艺/唐冬雁主编.-北京:化学工业出版社,2003.06 |
| 314页;26cm |
| ISBN 7-5025-4412-7:CNY 45.00 |
| ● |
| 相关链接 |
|
|
|
正题名:化妆品配方设计与制备工艺
索取号:TQ658/T238
 
预约/预借
| 序号 | 登录号 | 条形码 | 馆藏地/架位号 | 状态 | 备注 |
| 1 | 389769 | 203897694 | 期刊室512/501自科库 41排1列4层/ [索取号:TQ658/T238] | 在馆 | |
| 2 | 389770 | 203897701 | 自科库501/501自科库 41排1列4层/ [索取号:TQ658/T238] | 在馆 | |
| 3 | 389771 | 203897710 | 自科库501/501自科库 41排1列4层/ [索取号:TQ658/T238] | 在馆 |